Shapes Blitz III Quiz Stats

 Plays Quiz Updated Dec 8, 2017

Also try: Shapes Blitz II
Challenge
Share
Tweet
Score 0/88 Timer 02:00
2 Plays Today
Hint Shape % Correct
BHe.gif-37???
53.9%
BHe.gif-7???
53.7%
BT.gif-12???
53.7%
BT.gif-11???
53.7%
BT.gif-65???
53.7%
BT.gif-60???
53.6%
BHe.gif-69???
53.6%
BHe.gif-20???
53.6%
BHe.gif-42???
53.6%
BHe.gif-67???
53.5%
BHe.gif-36???
53.5%
BT.gif-78???
53.5%
BHe.gif-82???
53.5%
BT.gif-86???
53.5%
BCr.gif-21???
53.4%
BHe.gif-3???
53.4%
BT.gif-80???
53.4%
BHe.gif-66???
53.4%
BHe.gif-25???
53.4%
BHe.gif-47???
53.3%
BCr.gif-63???
53.3%
BT.gif-16???
53.3%
BT.gif-58???
53.3%
BL.gif-5???
53.3%
BT.gif-85???
53.3%
BT.gif-77???
53.3%
BL.gif-83???
53.3%
BHe.gif-19???
53.3%
BT.gif-51???
53.3%
BL.gif-88???
53.2%
Hint Shape % Correct
BT.gif-40???
53.2%
BT.gif-41???
53.2%
BHe.gif-10???
53.2%
BCr.gif-81???
53.2%
BT.gif-71???
53.2%
BHe.gif-4???
53.2%
BT.gif-55???
53.1%
BL.gif-68???
53.1%
BHe.gif-87???
53.1%
BCr.gif-1???
53.1%
BCr.gif-39???
53.1%
BCr.gif-45???
53.1%
BHe.gif-32???
53%
BT.gif-30???
53%
BHe.gif-52???
53%
BHe.gif-74???
53%
BCr.gif-14???
53%
BCr.gif-56???
53%
BHe.gif-46???
53%
BL.gif-33???
53%
BCr.gif-24???
53%
BCr.gif-53???
53%
BHe.gif-15???
53%
BL.gif-79???
52.9%
BT.gif-57???
52.9%
BL.gif-17???
52.9%
BCr.gif-26???
52.9%
BL.gif-70???
52.9%
BHe.gif-59???
52.8%
BCr.gif-23???
52.8%
Hint Shape % Correct
BHe.gif-48???
52.8%
BL.gif-13???
52.7%
BHe.gif-6???
52.7%
BL.gif-61???
52.7%
BL.gif-54???
52.6%
BD.gif-64???
52.4%
BL.gif-62???
52.4%
BD.gif-18???
52.3%
BD.gif-44???
52.3%
BD.gif-31???
52.1%
BD.gif-50???
52.1%
BD.gif-2???
52%
BD.gif-35???
52%
BD.gif-43???
51.9%
BD.gif-29???
51.9%
BD.gif-49???
51.9%
BD.gif-76???
51.9%
BD.gif-84???
51.8%
BD.gif-34???
51.8%
BD.gif-9???
51.8%
BD.gif-72???
51.8%
BD.gif-73???
51.8%
BD.gif-38???
51.7%
BD.gif-8???
51.7%
BD.gif-28???
51.6%
BD.gif-75???
51.6%
BD.gif-22???
51.6%
BD.gif-27???
51.5%

You're not logged in!

Compare scores with friends on all Sporcle quizzes.
Join for Free
OR
Log In

You Might Also Like...

Show Comments

Extras

Top Quizzes Today


Score Distribution

Your Account Isn't Verified!

In order to create a playlist on Sporcle, you need to verify the email address you used during registration. Go to your Sporcle Settings to finish the process.

Report this User

Report this user for behavior that violates our Community Guidelines.

Details: